000 00612nam a2200205 a 4500
001 4891451
005 20241030173244.0
008 930524s1993 nyu 001 0 eng
020 _a0963690701
020 _a096369071X
050 0 0 _aKRX689
_b.K59 1993
082 0 0 _a346.66704/34
_a346.6706434
_220
100 1 _aKludze, A. K. P.
245 1 0 _aGhana law of landlord and tenant /
_cby A.K.P. Kludze.
260 _aBrooklyn, N.Y.:
_bLephant Academic Publishers,
_c1993.
300 _alxxii, 1015 p. ;
_c30 cm.
_bIndex
500 _aIncludes indexes.
650 0 _aLandlord and tenant
_zGhana.
942 _2lcc
_cBK
_n0
999 _c398
_d398